| 000 | 00000nam 2200000za 4500 |
| 001 | 9.556379 |
| 003 | CaOODSP |
| 005 | 20230202084733 |
| 007 | cr ||||||||||| |
| 008 | 160215s2015 onc|||||o f|0| 0 eng d |
| 020 | |a978-1-100-23687-2 |
| 040 | |aCaOODSP|beng |
| 043 | |an-cn--- |
| 086 | 1 |aM41-9/97E-PDF |
| 100 | 1 |aSabina, Ann P. |
| 245 | 10|aRocks and minerals for the collector |h[electronic resource] : |bBay of Fundy, New Brunswick and Nova Scotia; South Shore, Nova Scotia / |c[by] Ann P. Sabina. |
| 260 | |aOttawa : |bNatural Resources Canada, |cc2015. |
| 300 | |axviii, 466 p. : |bmaps, tables, photos, glossary. |
| 490 | 1 |aGeological Survey of Canada popular geoscience ; |v97 |
| 500 | |aIssued also in French under title: Roches et minéraux du collectionneur: baie de Fundy (Nouveau-Brunswick et Nouvelle-Écosse) et côte sud de la Nouvelle-Écosse. |
| 692 | 07|2gccst|aMinerals |
| 692 | 07|2gccst|aFossils |
| 710 | 2 |aGeological Survey of Canada. |
| 775 | 08|tRoches et minéraux du collectionneur |w(CaOODSP)9.629157 |
| 830 | #0|aGeological Survey of Canada popular geoscience ;|v97|w(CaOODSP)9.505217 |
| 856 | 40|qPDF|s117.81 MB|uhttps://publications.gc.ca/collections/collection_2016/rncan-nrcan/M41-9-97-eng.pdf |